000 00195 a2200097 4500
020 _a7509965881202
041 _aspa
100 _aRose Greydanus
245 _aLas estaciones del aò¨
942 _cBK
999 _c29216
_d29214